000 01010nam a2200313 i 4500
003 OSt
005 20240621114940.0
008 781115c19681966nyua b 001 0 eng d
010 _a 65027654
035 _aAAM4294LB
035 _a(OCoLC)ocm04375542
040 _aCLU
_cMUST
_dSMI
_dWaOLN
049 _aSMIL
082 _a536 SON 1966
100 1 _aSonntag, Richard Edwin
_917570
245 1 0 _aFundamentals of statistical thermodynamics /
_cRichard E. Sonntag & Gordon J. Van Wylen.
250 _a1st corrected printing.
260 _aNew York :
_bWiley,
_c1966.
300 _axx, 370 p. :
_bill. ;
_c24 cm.
490 1 _aSeries in thermal and transport sciences
500 _aIncludes index.
504 _aBibliography: p. 363.
650 0 _aStatistical thermodynamics
_94930
700 1 _aVan Wylen, Gordon J.
_q(Gordon John),
_d1920-
_917571
740 0 _aStatistical thermodynamics.
830 0 _aSeries in thermal and transport sciences.
_917572
942 _2ddc
_cO_SHELF
951 _a114183
999 _c8691
_d8691